Diego Maradona One of the greatest of all time - Statistics

General Stats
  • This quiz has been taken 65 times
  • The average score is 5 of 15
Answer Stats
Question Answer % Correct
In the summer of 2000, Napoli retired which number for Maradona? 10
100%
How many team trophies did Maradona win in his career? 11
50%
How much did Napoli pay for Maradona? £6,270,000
50%
What was total transfer fees paid for Napoli during his Player career? £14,600,000
38%
In what season was Maradona the top scorer in Serie A and Coppa Italia for Napoli? 1987/88
38%
How many times has Maradona had a temporary ban playing football? 2
38%
How tall was Maradona in feet and inches? 5ft 5in
38%
How many different clubs did Maradona Play for? 6
38%
What year did Maradona win the FIFA U-20 World Cup? 1979
25%
Maradona ranks where on Napoli's all time top scorer list? 3rd
25%
What are Maradona's total stats for his Team Career? (Not International Stats) 328 Appearances, 150 Goals , 29 Assists
13%
How many times did Maradona win Argentina Footballer of the year? 4
13%
How many teams did Maradona manage/assistant mange internationally and club football? 8
13%
Maradona scored the 'Hand of God' Goal on what date? June 22 , 1986
13%
On what date did Maradona retire from professional football? Oct 25 ,1997
13%
No matching quizzes found
Score Distribution
Percent of People with Each Score
Percentile by Number Answered
Your Score History
You have not taken this quiz